Responses for National College Championship game #17 - Tuesday, February 22, 2022

2022 National College Championship final game 1.

Contestants

[<< previous game]

Raymond Goslow, a senior at Kennesaw State University in Kennesaw, Georgia

Jaskaran Singh, a senior at the University of Texas at Austin in Austin, Texas

Liz Feltner, a senior at Northeastern University in Boston, Massachusetts

[next game >>]

Jeopardy! Round responses

A PLACE WITH DIRECTION
BROADWAY MUSICALS
DIGESTING SOME LITERATURE
____ OR ____
& NOW FOR SOMETHING COMPLETELY DIFFERENT
A CAREER IN TECH
(Sundar Pichai: I'm Sundar Pichai, CEO of Google & Alphabet, with clues about [*]--mine & maybe yours.)
    $200 29
the North Pole

Liz
    $200 26
Dear Evan Hansen

Raymond
    $200 28
Holden Caulfield

Jaskaran
    $200 27
trick or treat

Liz
    $200 21
kidneys

Raymond
    $200 30
[NOTE: The clue as captioned on-screen said "co-founder", but Sundar read this word as "co-founders".]

Google Chrome

Raymond
    $400 5
the West Indies

Raymond
    $400 24
The Book of Mormon

Jaskaran
    $400 23
Hannibal Lecter

Triple Stumper
    $400 22
my way or the highway

Raymond
    $400 20
hyenas

Liz
    $400 25
engineering

Liz
    $600 4
East Lansing

Jaskaran
    $600 11
[Raymond omitted the initial article from his response.]

The Phantom of the Opera

Raymond
    $600 9
Augustus Gloop

Raymond
    $600 19
truth or dare

Raymond
    $600 16
[Mayim pronounces the name like "EX ASH EY TWELVE".]

(Elon) Musk

Jaskaran
    $600 14
Android

Jaskaran
    $800 2
(Raymond: What is West Virginia?)

South Dakota

Raymond
Triple Stumper
    $800 1
Fiddler on the Roof

Jaskaran
    $3,400 8
The Count of Monte Cristo

Jaskaran
    $800 18
(Jaskaran: What is drown or--)
(Mayim: No.)
(Jaskaran: Ts--uh--d'h--no, I don't know. [Scoffs])

sink or swim

JaskaranRaymond
    $800 13
(Jaskaran: What is chunkey?)

jousting

Jaskaran
Triple Stumper
    $800 15
(Raymond: What is Palo Alto?)

Mountain View

Raymond
Triple Stumper
    $1000 3
the North Sea

Jaskaran
    $1000 6
Sara Bareilles

Raymond
    $1000 7
the Green Knight

Jaskaran
    $1000 10
do or die

Liz
    $1000 12
Samuel Johnson

Jaskaran
    $1000 17
UNIVAC

Triple Stumper

Scores at the first commercial break (after clue 15):

Liz Jaskaran Raymond
$1,000 $7,600 $1,000

Scores at the end of the Jeopardy! Round:

Liz Jaskaran Raymond
$2,200 $8,000 $3,400

Double Jeopardy! Round responses

THE 18th CENTURY
MYTHIC CONSTELLATIONS
TRUE & UNTRUE CRIME
WE'VE GOT THE BLUES
LYRICS TO REMEMBER
PITHY WORDS & PHRASES
    $400 7
Los Angeles

Liz
    $400 29
Scorpio

Liz
    $400 30
stealing bread

Raymond
    $400 22
(Jaskaran: What is the Navy?)

the Marines

LizJaskaran
    $400 26
BTS

Liz
    $400 25
that feeling when

Jaskaran
    $6,000 6
Marie Antoinette

Jaskaran
    $800 28
Herakles (or Hercules)

Liz
    $800 27
arson

Raymond
    $800 21
(Jaskaran: What is cerulean?)

turquoise

LizJaskaran
    $800 9
The Black Eyed Peas

Liz
    $800 24
haste makes waste

Triple Stumper
    $1200 5
Thailand

Jaskaran
    $1200 15
Persephone

Jaskaran
    $1200 14
kidnapped

Triple Stumper
    $1200 18
(Liz: What is cerulean?)

cobalt

Liz
Triple Stumper
    $1200 8
Drake

Jaskaran
    $1200 10
Gucci

Liz
    $1600 3
Fletcher Christian

Jaskaran
    $10,000 16
(Mayim: That's it. Well done. You have $32,800. I believe that's the highest number we've seen in this championship.)

the Argo

Jaskaran
    $1600 13
contempt of court

Jaskaran
    $1600 19
(Jaskaran: Is it--who is Muddy Waters?)
(Raymond: Who is Otis Redding?)
...
(Mayim: His name is [*]. Google him later.)

Robert Johnson

JaskaranRaymond
Triple Stumper
    $1600 1
Dua Lipa

Liz
    $1600 11
mammon

Raymond
    $2000 4
maja

Triple Stumper
    $2000 17
(Jaskaran: What is Sheba?)

Cassiopeia

Jaskaran
Triple Stumper
    $2000 12
treason

Jaskaran
    $2000 20
Constantinople

Jaskaran
    $2000 2
The Ramones

Raymond
    $2000 23
comme ci, comme ça

Liz

Scores at the end of the Double Jeopardy! Round:

Liz Jaskaran Raymond
$9,800 $30,400 $6,600

[wagering suggestions for these scores]

Final Jeopardy! Round responses

THE PERIODIC TABLE
(Mayim: [To Raymond] [*] was the Roman name for France.)
...
(Raymond: [In post-round remarks] Francium is real... but it wasn't discovered by 1890, that's the thing.)
RaymondWhat is Gallium?
$6,600
LizWhat is francium?
$4,000
JaskaranWhat is F Gallium?
$2,000
gallium

Final scores:

Liz Jaskaran Raymond
$5,800 $32,400 $13,200

Game dynamics:

Coryat scores:

Liz Jaskaran Raymond
$9,800 $14,200 $6,600
15 R,
1 W
20 R
(including 3 DDs),
6 W
14 R,
3 W

Combined Coryat: $30,600

[game clues] [game scores] [suggest correction]

Game tape date: 2021-11-23
The J! Archive is created by fans, for fans. Scraping, republication, monetization, and malicious use prohibited; this site may use cookies and collect identifying information. See terms. The Jeopardy! game show and all elements thereof, including but not limited to copyright and trademark thereto, are the property of Jeopardy Productions, Inc. and are protected under law. This website is not affiliated with, sponsored by, or operated by Jeopardy Productions, Inc. Join the discussion at JBoard.tv.